| 000 | 00359nam a2200121Ia 4500 | ||
|---|---|---|---|
| 008 | 220214s9999 xx 000 0 und d | ||
| 100 | _aYogaratnam N | ||
| 245 | 0 | _aMicronutrients in Hevea nutrition under Sri Lankan conditions | |
| 260 |
_bInternational Rubber Conference, 1985, Kuala Lumpur _c1985 |
||
| 300 | _a639-655 | ||
| 700 | _aPerera AMA | ||
| 942 | _cRE | ||
| 999 |
_c46558 _d46558 |
||